[Event "Milan Crespi op-B 29th"]
[Site "Milan"]
[Date "2008.12.08"]
[Round "6"]
[White "Bettini, Massimo"]
[Black "Acunzo, Domenico"]
[Result "1-0"]
[WhiteElo "1842"]
[BlackElo "1797"]
[PlyCount "55"]
[EventDate "2008.12.05"]
[EventType "swiss"]
[EventRounds "7"]
[EventCountry "ITA"]
[SourceTitle "EXT 2010"]
[Source "ChessBase"]
[SourceDate "2010.11.25"]
[SourceVersion "1"]
[SourceVersionDate "2010.11.25"]
[SourceQuality "1"]

1. e4 e6 2. d4 d5 3. Nc3 Bb4 4. e5 c5 5. a3 Bxc3+ 6. bxc3 Ne7 7. Nf3 Nbc6 8. h4 Qa5 9. Bd2 cxd4 10. cxd4 Qa4 11. Be3 Na5 12. Bd3 Nc4 13. 0-0 Nf5 14. Qe2 Bd7 15. Kh2 h6 16. g4 Nfxe3 17. fxe3 Nb2 18. Qf2 0-0-0 19. Rab1 Nxd3 20. cxd3 Qxa3 21. Qc2+ Kb8 22. Rb3 Qe7 23. Rfb1 Bc8 24. Ra1 Rd7 25. Qa2 b6 26. Rxb6+ axb6 27. Qa8+ Kc7 28. Rc1+ 1-0

[Event "Bratto Martesana op"]
[Site "Bratto"]
[Date "2006.11.11"]
[Round "1"]
[White "Oteri, Aldo"]
[Black "Bettini, Massimo"]
[Result "1-0"]
[WhiteElo "1954"]
[BlackElo "1860"]
[PlyCount "74"]
[EventDate "2006.11.11"]
[EventType "swiss"]
[EventRounds "6"]
[EventCountry "ITA"]
[SourceTitle "EXT 2008"]
[Source "ChessBase"]
[SourceDate "2007.11.25"]
[SourceVersion "1"]
[SourceVersionDate "2007.11.25"]
[SourceQuality "1"]

1. e4 e5 2. Nf3 Nc6 3. Bb5 a6 4. Ba4 Nf6 5. d4 b5 6. Bb3 Na5 7. Bxf7+ Kxf7 8. dxe5 Bb7 9. exf6 gxf6 10. Nc3 Qe7 11. 0-0 d6 12. Re1 Rg8 13. Nd4 Ke8 14. Nf5 Qf7 15. Nd5 Kd7 16. g3 Re8 17. Bh6 Nc4 18. Bxf8 Rgxf8 19. b3 Ne5 20. f4 Ng6 21. Qd4 h5 22. Nxc7 Kxc7 23. Nxd6 Qd7 24. Nxe8+ Qxe8 25. Rad1 Qc6 26. Rd3 Kb8 27. Rc3 Qe8 28. Qd6+ Ka8 29. Rc7 f5 30. Qb6 Qb8 31. Rxb7 Qxb7 32. Qxg6 Qa7+ 33. Kg2 Rc8 34. Re2 Qd4 35. Qxf5 Rc3 36. Qd5+ Qxd5 37. exd5 Kb7 1-0

[Event "Lodi op"]
[Site "Lodi"]
[Date "2006.06.05"]
[Round "1"]
[White "Onkoud, Abdelaziz"]
[Black "Bettini, Massimo"]
[Result "1-0"]
[WhiteElo "2420"]
[BlackElo "1915"]
[PlyCount "57"]
[EventDate "2006.06.05"]
[EventType "swiss"]
[EventRounds "9"]
[EventCountry "ITA"]
[SourceTitle "CBM 112 Extra"]
[Source "ChessBase"]
[SourceDate "2006.07.14"]
[SourceVersion "1"]
[SourceVersionDate "2006.07.14"]
[SourceQuality "1"]

1. e4 e5 2. Nf3 Nc6 3. Bb5 f5 4. d3 fxe4 5. dxe4 Nf6 6. 0-0 Bc5 7. Bg5 d6 8. Nc3 a6 9. Ba4 Bg4 10. h3 Bh5 11. Nd5 h6 12. Nxf6+ gxf6 13. Be3 Bb6 14. Bxb6 cxb6 15. Qd3 Bxf3 16. Qxf3 Qe7 17. c3 0-0-0 18. Qe3 b5 19. Bb3 Na5 20. Bd5 Kb8 21. a4 Nc4 22. Qe2 Rc8 23. axb5 axb5 24. Ra2 Qd7 25. Rfa1 Nb6 26. Qe3 Rc5 27. b4 Nxd5 28. exd5 Rcc8 29. Qb6 1-0

[Event "Monza op"]
[Site "Monza"]
[Date "2006.03.19"]
[Round "3"]
[White "Folcini, Gaddo"]
[Black "Bettini, Massimo"]
[Result "1-0"]
[WhiteElo "1511"]
[BlackElo "1916"]
[PlyCount "59"]
[EventDate "2006.03.18"]
[EventType "swiss"]
[EventRounds "6"]
[EventCountry "ITA"]
[SourceTitle "EXT 2007"]
[Source "ChessBase"]
[SourceDate "2006.11.23"]
[SourceVersion "1"]
[SourceVersionDate "2006.11.23"]
[SourceQuality "1"]

1. d4 Nf6 2. e4 Nxe4 3. Nf3 d5 4. Ne5 e6 5. Nd2 Qh4 6. g3 Qd8 7. Ndf3 Bd6 8. Be2 Nd7 9. Nxd7 Bxd7 10. Ne5 Qf6 11. Bf4 0-0-0 12. Ng4 Qe7 13. Bxd6 Qxd6 14. Ne5 Rdf8 15. 0-0 f6 16. Nxd7 Qxd7 17. a4 g5 18. c4 dxc4 19. Qc2 Nd6 20. Rfc1 h5 21. b3 cxb3 22. Qxb3 h4 23. g4 f5 24. Rc2 Ne4 25. Rb1 c6 26. Ba6 Rf7 27. Bxb7+ Qxb7 28. Qxe6+ Qd7 29. Rxc6+ Kd8 30. Rb8+ 1-0

[Event "Bergamo op 4th"]
[Site "Bergamo"]
[Date "2005.07.29"]
[Round "2"]
[White "Bettini, Massimo"]
[Black "Marmili, Giulio"]
[Result "0-1"]
[WhiteElo "1911"]
[BlackElo "2012"]
[PlyCount "70"]
[EventDate "2005.07.29"]
[EventType "swiss"]
[EventRounds "6"]
[EventCountry "ITA"]
[SourceTitle "EXT 2007"]
[Source "ChessBase"]
[SourceDate "2006.11.23"]
[SourceVersion "1"]
[SourceVersionDate "2006.11.23"]
[SourceQuality "1"]

1. e4 c5 2. Nf3 d6 3. d4 cxd4 4. Nxd4 Nf6 5. Nc3 e6 6. Be3 Nc6 7. Be2 Be7 8. f4 Qc7 9. g4 a6 10. Nb3 b5 11. g5 Nd7 12. a4 b4 13. Nb1 Bb7 14. N1d2 Rc8 15. 0-0 Na5 16. Nd4 Nc5 17. Bd3 d5 18. e5 Nc6 19. N2b3 Nxd4 20. Nxd4 Nxd3 21. cxd3 g6 22. Rc1 Qb8 23. Rxc8+ Qxc8 24. Qg4 Qd7 25. Rc1 0-0 26. h4 Rc8 27. Rxc8+ Bxc8 28. b3 Qc7 29. h5 Qc3 30. Qe2 Bc5 31. Nc2 d4 32. Bf2 Qxb3 33. Nxd4 Qxa4 34. Qe4 Qd7 35. Kg2 Bb7 0-1

[Event "Lombardia-ch"]
[Site "Monza"]
[Date "2005.05.22"]
[Round "5"]
[White "Villalba, Fernando"]
[Black "Bettini, Massimo"]
[Result "1-0"]
[WhiteElo "1773"]
[BlackElo "1896"]
[PlyCount "98"]
[EventDate "2005.05.14"]
[EventType "swiss"]
[EventRounds "6"]
[EventCountry "ITA"]
[SourceTitle "EXT 2007"]
[Source "ChessBase"]
[SourceDate "2006.11.23"]
[SourceVersion "1"]
[SourceVersionDate "2006.11.23"]
[SourceQuality "1"]

1. e4 e5 2. Nf3 Nc6 3. d4 exd4 4. Nxd4 Qh4 5. Nxc6 Qxe4+ 6. Be2 dxc6 7. 0-0 Bd7 8. Bf3 Qg6 9. Re1+ Ne7 10. Be3 0-0-0 11. Nc3 Bf5 12. Qe2 Bxc2 13. Qc4 Kb8 14. a4 Bd3 15. Qc5 Nc8 16. Qa5 b6 17. Qg5 Qxg5 18. Bxg5 f6 19. Bf4 Bd6 20. Be3 c5 21. Red1 Ba6 22. a5 Bb7 23. axb6 cxb6 24. Bg4 h5 25. Bxc8 Bxc8 26. Nb5 Be5 27. Re1 a6 28. Nc3 Bxc3 29. bxc3 Rd3 30. Bf4+ Ka8 31. Re7 Rhd8 32. h3 g5 33. Bc7 Rd1+ 34. Rxd1 Rxd1+ 35. Kh2 b5 36. Bb6 c4 37. Ra7+ Kb8 38. Rf7 f5 39. Rg7 g4 40. hxg4 hxg4 41. Kg3 Rd3+ 42. Kf4 Rxc3 43. Ke5 Rd3 44. Bc5 c3 45. Bd6+ Ka8 46. Rc7 Bb7 47. Ke6 c2 48. Bf4 a5 49. Rxb7 Kxb7 1-0

[Event "Lugano op"]
[Site "Lugano"]
[Date "2004.11.02"]
[Round "6"]
[White "Bettini, Massimo"]
[Black "Cucchiani, Claudio"]
[Result "0-1"]
[WhiteElo "1688"]
[BlackElo "2072"]
[PlyCount "76"]
[EventDate "2004.10.30"]
[EventType "swiss"]
[EventRounds "6"]
[EventCountry "SUI"]
[SourceTitle "EXT 2007"]
[Source "ChessBase"]
[SourceDate "2006.11.23"]
[SourceVersion "1"]
[SourceVersionDate "2006.11.23"]
[SourceQuality "1"]

1. e4 c5 2. d4 cxd4 3. c3 dxc3 4. Nxc3 Nc6 5. Nf3 e6 6. Bc4 Qc7 7. Qe2 Nf6 8. 0-0 Ng4 9. g3 d6 10. Bf4 Be7 11. Rfd1 a6 12. Rac1 0-0 13. Bb3 Qb8 14. a4 h6 15. Nd2 Nge5 16. Be3 Nb4 17. Nc4 Nxc4 18. Bxc4 Bd7 19. f4 Qe8 20. Qg4 Kh7 21. f5 exf5 22. exf5 Nc6 23. Bf4 Ne5 24. Bxe5 dxe5 25. Nd5 Bc5+ 26. Kf1 Rc8 27. Bd3 Kh8 28. Qh5 f6 29. Qxe8 Rfxe8 30. Nxf6 gxf6 31. Bxa6 Bxf5 32. Bxb7 Bh3+ 33. Ke1 Bb4+ 34. Kf2 Rcd8 35. Rxd8 Rxd8 36. Rc4 Rd2+ 37. Kg1 Rxb2 38. g4 Ba5 0-1

[Event "Lugano op"]
[Site "Lugano"]
[Date "2004.11.01"]
[Round "5"]
[White "Bettini, Massimo"]
[Black "Nusch, Peter"]
[Result "0-1"]
[WhiteElo "1688"]
[BlackElo "1950"]
[PlyCount "78"]
[EventDate "2004.10.30"]
[EventType "swiss"]
[EventRounds "6"]
[EventCountry "SUI"]
[SourceTitle "EXT 2007"]
[Source "ChessBase"]
[SourceDate "2006.11.23"]
[SourceVersion "1"]
[SourceVersionDate "2006.11.23"]
[SourceQuality "1"]

1. e4 c5 2. d4 cxd4 3. c3 d3 4. c4 Nc6 5. Nf3 d6 6. Bxd3 Nf6 7. h3 e5 8. Nc3 Be7 9. 0-0 a6 10. Be3 0-0 11. Qd2 h6 12. Nd5 Be6 13. Rac1 Nd7 14. Bb1 Rc8 15. Ne1 Bf6 16. Nd3 Nd4 17. f4 Nc5 18. Nxe5 dxe5 19. fxe5 Bg5 20. Qxd4 Nd7 21. Rcd1 Bxe3+ 22. Qxe3 Rxc4 23. Nf6+ gxf6 24. exf6 Qb6 25. Rd3 Qxe3+ 26. Rxe3 Ne5 27. Rd1 Kh8 28. b3 Rc6 29. Kh2 Rg8 30. Rf1 Rg6 31. Rf5 Rg5 32. Rxg5 hxg5 33. Rg3 g4 34. hxg4 Nxg4+ 35. Kh3 Nxf6+ 36. Kh2 Ng4+ 37. Kh3 Ne5+ 38. Kh2 Rc1 39. Bd3 Ng4+ 0-1

[Event "Lugano op"]
[Site "Lugano"]
[Date "2004.10.31"]
[Round "3"]
[White "Bettini, Massimo"]
[Black "Meier, Rodrigo"]
[Result "0-1"]
[WhiteElo "1688"]
[BlackElo "1976"]
[PlyCount "67"]
[EventDate "2004.10.30"]
[EventType "swiss"]
[EventRounds "6"]
[EventCountry "SUI"]
[SourceTitle "EXT 2007"]
[Source "ChessBase"]
[SourceDate "2006.11.23"]
[SourceVersion "1"]
[SourceVersionDate "2006.11.23"]
[SourceQuality "1"]

1. e4 c6 2. Nc3 d5 3. Qf3 dxe4 4. Nxe4 Nf6 5. Nxf6+ exf6 6. d4 Bd6 7. Bd3 0-0 8. Be3 Be6 9. Ne2 Nd7 10. Ng3 Re8 11. Nf5 Nf8 12. a3 Qa5+ 13. c3 Bxf5 14. Bxf5 Qc7 15. 0-0-0 a5 16. h4 b5 17. g4 b4 18. a4 bxc3 19. bxc3 Rab8 20. Kd2 Rb2+ 21. Bc2 c5 22. Rb1 cxd4 23. Bxd4 Bf4+ 24. Kd1 Rxb1+ 25. Bxb1 Ne6 26. Qe4 g6 27. Rh3 Rd8 28. Rd3 Qc4 29. Bc2 Nc5 30. Qxf4 Nxd3 31. Qxf6 Rxd4 32. Qxd4 Qxd4 33. cxd4 Nxf2+ 34. Kd2 0-1

[Event "Lugano op"]
[Site "Lugano"]
[Date "2004.10.30"]
[Round "1"]
[White "Bettini, Massimo"]
[Black "Giacomini, Plinio"]
[Result "1-0"]
[WhiteElo "1688"]
[BlackElo "2057"]
[PlyCount "67"]
[EventDate "2004.10.30"]
[EventType "swiss"]
[EventRounds "6"]
[EventCountry "SUI"]
[SourceTitle "EXT 2007"]
[Source "ChessBase"]
[SourceDate "2006.11.23"]
[SourceVersion "1"]
[SourceVersionDate "2006.11.23"]
[SourceQuality "1"]

1. e4 e5 2. f4 exf4 3. Nf3 d5 4. exd5 Qxd5 5. Nc3 Qd8 6. Bc4 Nh6 7. 0-0 Be7 8. d3 Bg4 9. Bxf4 Nc6 10. Bxh6 gxh6 11. Bxf7+ Kd7 12. h3 Rf8 13. Bd5 Bxf3 14. Bxf3 Bc5+ 15. Kh1 Qh4 16. Bg4+ Kd8 17. Rxf8+ Bxf8 18. Qf3 Bd6 19. Ne4 Ne5 20. Qf6+ Qxf6 21. Nxf6 Ke7 22. Nd5+ Kf7 23. Rf1+ Kg7 24. Bh5 Ng6 25. d4 Re8 26. Bg4 Re4 27. c3 Nf4 28. Bf5 Re2 29. Nxf4 Rxb2 30. Be4 b6 31. Nh5+ Kh8 32. g4 Rh2+ 33. Kg1 Rxh3 34. Rf7 1-0